[Event "South Wales op 12th"]
[Site "Cardiff"]
[Date "2015.07.11"]
[Round "1"]
[White "Jukes, Sam"]
[Black "Morris, Charles F"]
[Result "0-1"]
[WhiteElo "1647"]
[BlackElo "2144"]
[PlyCount "70"]
[EventDate "2015.07.11"]
[EventType "swiss"]
[EventRounds "10"]
[EventCountry "WLS"]
[SourceTitle "EXT 2016"]
[Source "ChessBase"]
[SourceDate "2015.10.08"]
[SourceVersion "1"]
[SourceVersionDate "2015.10.08"]
[SourceQuality "1"]

1. e4 e6 2. d4 d5 3. exd5 exd5 4. Nf3 Bg4 5. Be2 Bd6 6. 0-0 Ne7 7. Bg5 f6 8. Be3 c6 9. Nbd2 Nf5 10. Bd3 Nh4 11. Re1 0-0 12. h3 Nxf3+ 13. Nxf3 Bh5 14. c3 f5 15. Bg5 Bxf3 16. Qd2 Qc7 17. gxf3 h6 18. Bxh6 gxh6 19. Re6 Bf4 20. Qe2 Qf7 21. Re7 Qh5 22. Qe6+ Kh8 23. Kf1 c5 24. Bb5 Nc6 25. Bxc6 bxc6 26. Qd7 Qg6 27. Rae1 Rad8 28. Qxa7 Rfe8 29. Qb6 Rb8 30. Qa7 Rg8 31. b3 Bd2 32. Rd1 Bxc3 33. dxc5 Ra8 34. Qc7 Rxa2 35. Qh2 f4 0-1

[Event "WLS-chT 1415"]
[Site "Cardiff"]
[Date "2015.04.12"]
[Round "6.2"]
[White "Morris, Charles F"]
[Black "Hewitt, William"]
[Result "1-0"]
[WhiteElo "2149"]
[BlackElo "2061"]
[PlyCount "65"]
[EventDate "2014.10.19"]
[EventType "team-swiss"]
[EventRounds "7"]
[EventCountry "WLS"]
[SourceTitle "EXT 2016"]
[Source "ChessBase"]
[SourceDate "2015.10.08"]
[SourceVersion "1"]
[SourceVersionDate "2015.10.08"]
[SourceQuality "1"]

1. c4 Nf6 2. g3 g6 3. Bg2 Bg7 4. Nc3 d6 5. e4 0-0 6. Nge2 e5 7. d3 h6 8. h3 Be6 9. Be3 c6 10. Qd2 Kh7 11. f4 Qd7 12. g4 exf4 13. Nxf4 Na6 14. 0-0 Nc7 15. Nce2 b6 16. Bd4 Ng8 17. Bxg7 Kxg7 18. Qc3+ Kh7 19. d4 d5 20. exd5 cxd5 21. Nxe6 fxe6 22. Rxf8 Rxf8 23. Qa3 Rf7 24. b3 e5 25. dxe5 dxc4 26. Qd6 cxb3 27. axb3 Ne8 28. Qxd7 Rxd7 29. Bc6 Re7 30. Bxe8 Rxe8 31. Rxa7+ Kh8 32. Nf4 Ne7 33. Rxe7 1-0

[Event "WLS-ch 61st"]
[Site "Cardiff"]
[Date "2015.04.06"]
[Round "7"]
[White "Morris, Charles F"]
[Black "Bevan, Peter M"]
[Result "1/2-1/2"]
[WhiteElo "2146"]
[BlackElo "1993"]
[PlyCount "21"]
[EventDate "2015.04.03"]
[EventType "swiss"]
[EventRounds "7"]
[EventCountry "WLS"]
[SourceTitle "CBM 165 Extra"]
[Source "ChessBase"]
[SourceDate "2015.04.21"]
[SourceVersion "1"]
[SourceVersionDate "2015.04.21"]
[SourceQuality "1"]

1. c4 e5 2. g3 Nf6 3. Bg2 d5 4. cxd5 Nxd5 5. Nc3 Nb6 6. Nf3 Nc6 7. a3 a5 8. d3 Be7 9. Be3 Be6 10. Nd2 Nd5 11. Nxd5 1/2-1/2